Alcatel telecommunications review 75 diamond jubilee
Shranjeno v:
| Format: | Knjiga |
|---|---|
| Jezik: | English |
| Izdano: |
Atelier Hugueniot
1998
|
| Oznake: |
Označite
Brez oznak, prvi označite!
|
MARC
| LEADER | 00000nam a2200000Ia 4500 | ||
|---|---|---|---|
| 003 | MV0033 | ||
| 005 | 20221231143950.0 | ||
| 008 | 140114s1998 fr a 000 ||eng d | ||
| 040 | |c cru CEDI | ||
| 090 | |a MV 33 | ||
| 245 | |a Alcatel telecommunications review 75 diamond jubilee | ||
| 260 | |a Atelier Hugueniot |c 1998 | ||
| 300 | |a 48 páginas :ilustraciones a color | ||
| 942 | |c MX | ||
| 999 | |c 14901 |d 14901 | ||
